Agricultural labour in India (Record no. 19288)

MARC details
000 -LEADER
fixed length control field 00286nam a2200109Ia 4500
082 ## - DEWEY DECIMAL CLASSIFICATION NUMBER
Classification number 331:63(540)
Item number RAO
100 ## - MAIN ENTRY--AUTHOR NAME
Personal name RAO, V K R V
245 #0 - TITLE STATEMENT
Title Agricultural labour in India
260 ## - PUBLICATION, DISTRIBUTION, ETC. (IMPRINT)
Place of publication Bombay
Name of publisher Asia Publishing House
Year of publication 1962
942 ## - ADDED ENTRY ELEMENTS (KOHA)
Koha item type Books
Holdings
Withdrawn status Lost status Damaged status Not for loan Home library Current library Date acquired Full call number Accession Number Koha item type
        RRII Library RRII Library 16/12/2021 331:63(540) RAO 00026 Books